[Event "18th Chefchaouen Open 2019"]
[Site "Chefchaouen"]
[Date "2019.07.15"]
[Round "1.1"]
[White "Korneev, Oleg"]
[Black "Cherigui, Mourad"]
[Result "1-0"]
[WhiteElo "2523"]
[BlackElo "1873"]
[Annotator "TA"]
[PlyCount "47"]
[EventDate "2019.07.15"]
[EventType "swiss"]
[EventCountry "MAR"]
[SourceTitle "playchess.com"]
[Source "ChessBase"]
[SourceQuality "1"]

{[%evp 10,47,37,33,61,29,91,77,86,66,61,37,54,38,41,48,38,32,56,0,202,190,285,285,433,444,599,633,641,624,722,597,561,284,1141,944,1054,1054,1992,1992]} 1. e4 d5 2. exd5 Qxd5 3. Nc3 Qa5 4. d4 c6 5. Nf3 Nf6 6. Bd2 Qd8 {B01: Scandinavian Defence} (6... Bf5 7. Ne5 Nbd7 8. g4 Be6 9. f4 O-O-O 10. Qf3 Nxe5 11. dxe5 Rxd2 12. exf6 Rxc2 13. Bd3 Rxb2 14. Rc1 exf6 15. O-O h5 16. g5 fxg5 17. Nd1 Bc5+ 18. Kh1 g4 {0-1 (18) Sutovsky,E (2687)-Van Wely,L (2691) Istanbul 2012}) 7. Bc4 e6 (7... Bf5 $11 {remains equal.}) 8. Qe2 $16 Be7 {White is better.} 9. O-O-O a5 10. Kb1 $146 ({Predecessor:} 10. h4 b5 11. Bd3 Ba6 12. Ne4 b4 13. Bxa6 Nxa6 14. Nxf6+ Bxf6 {1-0 (30) Todorovic,N (2197)-Brajovic,M (2104) Kragujevac 2015}) 10... a4 11. Ne4 b5 {White must now prevent ...Nxe4.} 12. Nxf6+ gxf6 13. Bd3 b4 14. Bc1 (14. Rhe1 $14) 14... Na6 $2 {[#]} (14... Nd7 $11) 15. d5 $1 $36 {[%cal Rd5e6][%mdl 2048] aiming for dxe6. Black is under strong pressure.} exd5 (15... Qb6 $142) 16. Nd4 Qd6 (16... Nc7 $142 17. Nxc6 Qd6) 17. Rhe1 Nc5 {[#]} 18. Bf4 $1 {[%mdl 512]} Qd7 (18... Qxf4 19. Qxe7#) 19. Bf5 Qb7 {[#]} 20. Bd6 $1 {[%cal Re2e7][%mdl 512]} Ne6 21. Bxe6 fxe6 $2 (21... Bxe6 22. Qh5 Kd7) 22. Nxe6 {White is clearly winning.} Bxe6 23. Qxe6 {[%cal Rd6e7]} Ra7 24. Bxe7 {Accuracy: White = 66%, Black = 36%.} 1-0

[Event "18th Chefchaouen Open 2019"]
[Site "Chefchaouen"]
[Date "2019.07.15"]
[Round "1.2"]
[White "Hadj Kholti, Yasser"]
[Black "Levin, Evgeny A."]
[Result "0-1"]
[WhiteElo "1871"]
[BlackElo "2504"]
[Annotator "TA"]
[PlyCount "74"]
[EventDate "2019.07.15"]
[EventType "swiss"]
[EventCountry "MAR"]
[SourceTitle "playchess.com"]
[Source "ChessBase"]
[SourceQuality "1"]

{[%evp 20,74,69,12,34,0,12,-12,0,0,0,-43,-22,-27,-22,-36,-29,-30,-10,-48,-38,-70,-21,-79,-88,-84,-74,-75,-72,-84,-34,-35,-29,-56,-35,-148,-25,-30,-28,-112,-131,-164,-152,-229,-241,-224,-217,-218,-225,-1359,-1319,-6270,-6270,-5385,-472,-2205,-2116]} 1. e4 c5 2. Nf3 d6 3. d4 cxd4 4. Nxd4 Nf6 5. Nc3 a6 6. Be3 Ng4 7. Bc1 Nc6 8. h3 Nf6 9. Be3 e6 10. g4 Be7 11. Bg2 ({Better is} 11. g5 $14 Nd7 12. h4) 11... Nd7 {B81: Sicilian Scheveningen: Keres Attack} 12. Qe2 O-O 13. O-O Nxd4 {The position is equal.} 14. Bxd4 b5 {[%cal Bb7b5,Bb5b4][%mdl 32] [#]} 15. Rfd1 $146 ({Predecessor:} 15. e5 d5 16. a3 Qc7 17. f4 Bc5 18. Qe3 Bxd4 19. Qxd4 {0-1 (59) Hou,Y (2590)-Wang,H (2696) Xinghua Jiangsu 2009}) 15... Bb7 16. a4 b4 17. Na2 a5 18. c3 Ba6 $36 {[%mdl 2048] White is under pressure.} 19. Qd2 Nc5 20. Nc1 Qb8 21. b3 (21. cxb4 $11 {remains equal.} axb4 22. e5) 21... bxc3 22. Bxc3 Bb7 23. Re1 Qc7 24. Rb1 Rfd8 25. Nd3 d5 26. Nxc5 Bxc5 27. Rbc1 (27. e5 $1 $15) 27... Qb6 (27... dxe4 $1 $17 28. Qg5 f6 $1 {[%mdl 512]} 29. Bxf6 Rd5 30. Qxg7+ Qxg7 31. Bxg7 Kxg7 32. Bxe4 Bd6 33. Bxd5 Bxd5) 28. exd5 $11 Bxd5 29. Bxd5 (29. Qb2 $1 $11 {keeps the balance.}) 29... Rxd5 $17 30. Qb2 Rad8 $1 31. Re5 {[#]} (31. Qc2 $17) 31... Rd1+ $1 $19 32. Rxd1 Rxd1+ 33. Re1 Rd3 34. Bxg7 $2 (34. Qc2 Rxh3 35. Bd4 {[%mdl 64] Back Rank}) 34... Qb7 {Black is clearly winning.} 35. Qe5 {[#]} Bxf2+ $1 {[%mdl 512]} 36. Kxf2 {[#]} Qf3+ $1 37. Kg1 {Threatens to win with Bh6.} Rd2 {Accuracy: White = 29%, Black = 79%.} 0-1

[Event "18th Chefchaouen Open 2019"]
[Site "Chefchaouen"]
[Date "2019.07.15"]
[Round "1.3"]
[White "Flom, Gabriel"]
[Black "Arif, Fadoua"]
[Result "1-0"]
[WhiteElo "2494"]
[BlackElo "1857"]
[Annotator "TA"]
[PlyCount "61"]
[EventDate "2019.07.15"]
[EventType "swiss"]
[EventCountry "MAR"]
[SourceTitle "playchess.com"]
[Source "ChessBase"]
[SourceQuality "1"]

{[%evp 15,61,47,47,17,104,112,108,117,191,189,194,193,187,195,245,247,252,247,232,233,227,233,246,205,389,391,416,388,512,518,501,491,745,738,854,860,885,848,939,932,985,922,5614,5527,6107,1165,5406,5397]} 1. d4 Nf6 2. c4 e6 3. Nc3 Bb4 4. g3 c5 5. Nf3 Bxc3+ 6. bxc3 O-O 7. Bg2 d6 8. O-O Nc6 9. Rb1 {E20: Nimzo-Indian: 4 g3 and 4 f3} (9. Bf4 Re8 10. Qc1 e5 11. dxe5 dxe5 12. Bg5 Bf5 13. Rd1 Qe7 14. Nd2 e4 15. Nf1 h6 16. Ne3 Qe6 17. Bxf6 Qxf6 {½-½ (34) Ragger,M (2646)-Postny,E (2633) Austria 2013}) 9... Rb8 $146 {[#]} (9... e5 $11 {keeps the balance.}) ({Predecessor:} 9... Qe7 10. d5 Na5 11. Qd3 e5 12. e4 b6 13. Nh4 Ne8 14. f4 f6 15. Rf2 Qd7 16. Nf5 Ba6 {1-0 (33) Akesson,R (2469)-Jedlicka,A (2226) Pardubice 2013}) 10. dxc5 $1 $16 dxc5 11. Bf4 {White is better.} Qxd1 (11... Ra8 $16 12. Ne5 Nxe5 13. Bxe5 a6) 12. Rfxd1 $18 ({Much less strong is} 12. Rbxd1 $6 Ra8 $16) 12... Ra8 {[#]} 13. Ne5 $1 Nxe5 14. Bxe5 Ne8 15. Bxb7 Bxb7 16. Rxb7 f6 17. Rb8 Rxb8 18. Bxb8 {[%mdl 4096] Endgame KRB-KRN} a5 19. Rd8 Kf7 $2 (19... g6 {was necessary.} 20. a4 e5) 20. Ba7 Ke7 21. Rd3 Nd6 22. Bxc5 {White is clearly winning.} Rd8 23. f4 a4 (23... e5 $142 24. Rd5 g6 25. fxe5 fxe5 26. Rxe5+ Kf7 27. Bxd6 Rxd6 28. Rxa5 Rc6) 24. e4 e5 25. f5 g6 26. g4 Rd7 27. Kf2 Rd8 28. h4 Rd7 29. fxg6 {Threatening mate with Rxd6.} hxg6 30. h5 (30. Rxd6 $142 Rxd6 31. h5 gxh5 32. gxh5) 30... gxh5 31. Rxd6 {Accuracy: White = 73%, Black =  9%.} 1-0

[Event "18th Chefchaouen Open 2019"]
[Site "Chefchaouen"]
[Date "2019.07.15"]
[Round "1.4"]
[White "Karkazi, Aziz"]
[Black "Karpatchev, Aleksandr"]
[Result "0-1"]
[WhiteElo "1855"]
[BlackElo "2445"]
[Annotator "RC"]
[PlyCount "102"]
[EventDate "2019.07.15"]
[EventType "swiss"]
[EventCountry "MAR"]
[SourceTitle "playchess.com"]
[Source "ChessBase"]
[SourceQuality "1"]
[TimeControl "5400+30"]

1. e4 {[%emt 0:00:00]} e5 {[%emt 0:00:00]} 2. Nf3 {[%emt 0:00:05]} Nc6 {[%emt 0:00:00]} 3. Bb5 {[%emt 0:02:20]} g6 {[%emt 0:02:51]} 4. c3 {[%emt 0:03:35]} a6 {[%emt 0:00:49]} 5. Ba4 {[%emt 0:05:13]} Bg7 {[%emt 0:00:21]} 6. O-O {[%emt 0:01:26]} Nge7 {[%emt 0:01:04]} 7. d4 {[%emt 0:02:19]} exd4 {[%emt 0:00:59]} 8. cxd4 {[%emt 0:00:04]} b5 {[%emt 0:00:05]} 9. Bb3 {[%emt 0:01:29]} Na5 {[%emt 0:00:06]} 10. Bc2 {[%emt 0:02:05]} d6 {[%emt 0:00:19]} 11. h3 {[%emt 0:01:58]} O-O {[%emt 0:00:26]} 12. b3 {[%emt 0:06:44]} c5 {[%emt 0:00:43]} 13. Bg5 {[%emt 0:05:06]} Nac6 {[%emt 0:01:56]} 14. Be3 {[%emt 0:01:15]} Qb6 {[%emt 0:03:22]} 15. dxc5 {[%emt 0:08:10]} dxc5 {[%emt 0:00:42]} 16. Nbd2 {[%emt 0:00:12]} Nd4 {[%emt 0:06:25]} 17. Bxd4 {[%emt 0:05:52]} cxd4 {[%emt 0:00:09]} 18. Bd3 {[%emt 0:00:35]} Bb7 {[%emt 0:00:41]} 19. Re1 {[%emt 0:02:58]} Rac8 {[%emt 0:00:47]} 20. Rc1 {[%emt 0:02:32]} Qa5 {[%emt 0:02:37]} 21. a4 {[%emt 0:02:08]} Rxc1 {[%emt 0:13:59]} 22. Qxc1 {[%emt 0:05:29]} Rc8 {[%emt 0:00:15]} 23. Qa3 {[%emt 0:03:00]} Bf8 {[%emt 0:00:48]} 24. Qd6 {[%emt 0:04:51]} Nc6 {[%emt 0:14:05]} 25. Qf4 {[%emt 0:09:13]} Nb4 {[%emt 0:00:51]} 26. Bb1 {[%emt 0:00:52]} d3 {[%emt 0:01:50]} 27. e5 {[%emt 0:13:00]} Nd5 {[%emt 0:16:38]} 28. Qg4 {[%emt 0:04:57]} Bb4 {[%emt 0:06:31]} 29. e6 {[%emt 0:03:24]} f5 {[%emt 0:00:23]} 30. Qg5 {[%emt 0:00:45]} Be7 {[%emt 0:01:11]} 31. Qh6 {[%emt 0:00:06]} Qc3 {[%emt 0:03:34]} 32. Ng5 {[%emt 0:00:28]} Qg7 {[%emt 0:00:25]} 33. Qxg7+ {[%emt 0:01:15]} Kxg7 {[%emt 0:00:01]} 34. Ngf3 {[%emt 0:00:28]} Nf4 {[%emt 0:01:27]} 35. axb5 {[%emt 0:01:47]} axb5 {[%emt 0:00:01]} 36. Re5 {[%emt 0:00:20]} Ne2+ {[%emt 0:02:28]} 37. Kh2 {[%emt 0:00:27]} Bd6 {[%emt 0:01:31]} 38. Bxd3 {[%emt 0:00:20]} Bxf3 {[%emt 0:00:39]} 39. Nxf3 {[%emt 0:00:07]} Nd4 {[%emt 0:00:09]} 40. Nxd4 {[%emt 0:00:40]} Bxe5+ {[%emt 0:00:06]} 41. f4 {[%emt 0:00:13]} Bxd4 {[%emt 0:00:08]} 42. Bxb5 {[%emt 0:00:04]} Kf6 {[%emt 0:00:18]} 43. Bc4 {[%emt 0:00:05]} Ra8 {[%emt 0:00:18]} 44. g4 {[%emt 0:00:42]} h6 {[%emt 0:01:11]} 45. Kg3 {[%emt 0:00:30]} Ra1 {[%emt 0:00:11]} 46. g5+ {[%emt 0:00:10]} hxg5 {[%emt 0:00:08]} 47. fxg5+ {[%emt 0:00:02]} Kxg5 {[%emt 0:00:49]} 48. h4+ {[%emt 0:01:21]} Kf6 {[%emt 0:00:06]} 49. b4 {[%emt 0:00:19]} Ra4 {[%emt 0:00:21]} 50. e7 {[%emt 0:00:18]} Kxe7 {[%emt 0:00:05]} 51. Kf4 {[%emt 0:00:07]} Kf6 {[%emt 0:00:16]} 0-1

[Event "18th Chefchaouen Open 2019"]
[Site "Chefchaouen"]
[Date "2019.07.15"]
[Round "1.5"]
[White "Buscara, Sevan"]
[Black "Azzouz, Mohammed Jad"]
[Result "1-0"]
[WhiteElo "2404"]
[BlackElo "1854"]
[Annotator "TA"]
[PlyCount "55"]
[EventDate "2019.07.15"]
[EventType "swiss"]
[EventCountry "MAR"]
[SourceTitle "playchess.com"]
[Source "ChessBase"]
[SourceQuality "1"]

{[%evp 22,54,30,19,41,39,71,81,152,122,157,113,192,167,245,229,386,402,389,379,465,558,545,532,1206,1186,29986,29986,5285,1825,29994,29994,29996,29997,29999]} 1. e4 e6 2. d4 d5 3. e5 c5 4. c3 Nc6 5. Nf3 Qb6 6. a3 cxd4 7. cxd4 Nge7 8. b4 Nf5 9. Be3 Nxe3 10. fxe3 Be7 11. Bd3 Bd7 12. O-O a6 {C02: French: Advance Variation} (12... Rc8 13. Nbd2 O-O 14. Nb3 a5 15. Nc5 Be8 16. b5 Na7 17. Na4 Qd8 18. Qb3 f6 19. Rac1 fxe5 20. Nxe5 Rxf1+ 21. Rxf1 g6 {1-0 (70) Mikhaletz,L (2405)-Polyakov,M (2414) Vinnytsia 2016}) 13. Nc3 Qc7 14. Rc1 b5 (14... O-O $142) 15. Qe1 $146 ({Predecessor:} 15. Qc2 h6 16. Qf2 O-O 17. Ne2 Qd8 18. Nf4 {1-0 (48) Kagramanov,D (2118)-Edward Dappa,R Dresden 2008}) 15... Qd8 16. Qg3 g6 (16... O-O $16) 17. e4 $18 dxe4 (17... Bc8 $142 18. h4 Ra7 19. exd5 exd5) 18. Nxe4 Qb6 $2 {[#]} (18... O-O {was called for.} 19. Nf6+ Bxf6) 19. Rc5 O-O-O 20. Nfg5 Be8 21. Nxf7 Bxf7 22. Rxf7 Bxc5 23. dxc5 Qb8 24. Nd6+ Rxd6 25. exd6 {d7+ would kill now.} Kd8 26. Qh4+ {White mates.} Ke8 {[#]} 27. Qf6 $1 {[%csl Gf7][%cal Rd6d7][%mdl 64] Double Attack} Rg8 28. d7# {Accuracy: White = 97%, Black = 14%.} 1-0

[Event "18th Chefchaouen Open 2019"]
[Site "Chefchaouen"]
[Date "2019.07.16"]
[Round "2.1"]
[White "Beladel, Brahim"]
[Black "Korneev, Oleg"]
[Result "0-1"]
[WhiteElo "1990"]
[BlackElo "2523"]
[Annotator "TA"]
[PlyCount "64"]
[EventDate "2019.07.15"]
[EventType "swiss"]
[EventCountry "MAR"]
[SourceTitle "playchess.com"]
[Source "ChessBase"]
[SourceQuality "1"]

{[%evp 12,64,14,-11,0,-16,10,7,20,-28,4,-40,-35,-38,-37,-93,-77,-124,-95,-110,-75,-68,-62,-64,-46,-26,-49,-41,-44,-73,-66,-113,-102,-247,-246,-207,-225,-297,-306,-304,-295,-300,-299,-379,-323,-520,-510,-850,-850,-2130,-2101,-1792,-1803,-29987,-29988]} 1. e4 c5 2. Nf3 e6 3. d4 cxd4 4. Nxd4 a6 5. Nc3 Qc7 6. Be3 Bb4 7. Qd3 Nf6 {B43: Sicilian: Kan Variation: 5 Nc3} 8. Bd2 Nc6 (8... O-O {looks sharper.} 9. Be2 d5 10. exd5 exd5 11. O-O Nc6) (8... O-O 9. a3 Bxc3 10. Bxc3 d5 11. exd5 Nxd5 12. Bd2 e5 13. Nb5 axb5 14. Qxd5 Rd8 15. Qe4 Rd4 16. Qe3 Bf5 17. f3 b4 18. c3 bxc3 19. Bxc3 Nc6 20. Bb5 Rdd8 {½-½ (20) Vovk,A (2644)-Werle,J (2514) Fagernes 2015}) 9. Nxc6 bxc6 {The position is equal.} 10. a3 Be7 11. Be2 d5 12. exd5 cxd5 13. O-O $146 (13. Qg3 $15 Qxg3 14. hxg3) ({Predecessor:} 13. Qg3 Qxg3 14. hxg3 Rb8 15. b4 {0-1 (34) O'Grady,G (1880)-Kurka,D (2058) Hastings 2012}) 13... O-O $17 14. Bf3 Bb7 15. Rfe1 Rad8 16. Bg5 h6 17. Bh4 $1 Ne4 (17... Qb6 {feels hotter.} 18. Na4 Qa7 19. b4 Rc8 20. Nc5 Bxc5 21. bxc5 Nd7) 18. Bxe7 Qxe7 19. Bxe4 dxe4 20. Qe3 f5 21. g3 e5 22. Ne2 (22. Qb6 $17) 22... Rd6 $19 23. Qb3+ Kh7 24. Rad1 Rxd1 $1 25. Rxd1 f4 26. Qb4 {[#]} Qf7 $1 27. Qb3 Qf5 {...f3 is the strong threat.} 28. gxf4 $2 (28. Qxb7 fxg3 29. f4 exf4 30. Rd7 gxh2+ 31. Kh1) 28... exf4 {Strongly threatening ...f3.} 29. Qxb7 {[#]} (29. Kf1 $142 e3 30. Qxb7) 29... f3 $1 {[%cal Rf3e2]} ({Stronger than} 29... Qg4+ 30. Kf1 $16) 30. Nd4 Qg4+ 31. Kf1 {[#]} e3 $1 {[%mdl 512]} 32. Nxf3 (32. fxe3 Qg2+) 32... Rxf3 {Accuracy: White = 38%, Black = 80%.} 0-1

[Event "18th Chefchaouen Open 2019"]
[Site "Chefchaouen"]
[Date "2019.07.16"]
[Round "2.2"]
[White "Levin, Evgeny A."]
[Black "Douich, Mehdi"]
[Result "1-0"]
[WhiteElo "2504"]
[BlackElo "2022"]
[Annotator "TA"]
[PlyCount "24"]
[EventDate "2019.07.15"]
[EventType "swiss"]
[EventCountry "MAR"]
[SourceTitle "playchess.com"]
[Source "ChessBase"]
[SourceQuality "1"]

{[%evp 14,24,53,52,65,66,60,60,82,57,69,75,97]} 1. d4 Nf6 2. c4 g6 3. Nc3 Bg7 4. e4 d6 5. Be2 O-O 6. Be3 c5 7. d5 Qa5 8. Bd2 Nbd7 {E74: King's Indian: Averbakh Variation: 6...c5} (8... Qd8 9. Nf3 a6 10. a4 e6 11. O-O exd5 12. cxd5 Nbd7 13. h3 Re8 14. Qc2 b6 15. Rfe1 h6 16. Bf4 {1-0 (40) Tan,Z (2517)-Gaponenko,I (2435) Riadh 2017}) 9. Nf3 a6 10. O-O Qc7 11. a4 Re8 12. Bf4 Kf8 $146 ({Predecessor:} 12... Nh5 13. Be3 e6 14. dxe6 fxe6 15. Qd2 Bf8 16. Rad1 {1-0 (56) Gligoric,S-Blau,M Hastings 1958}) 1-0

[Event "18th Chefchaouen Open 2019"]
[Site "Chefchaouen"]
[Date "2019.07.16"]
[Round "2.3"]
[White "Elmerabet, Jamal"]
[Black "Flom, Gabriel"]
[Result "0-1"]
[WhiteElo "1972"]
[BlackElo "2494"]
[Annotator "TA"]
[PlyCount "69"]
[EventDate "2019.07.15"]
[EventType "swiss"]
[EventCountry "MAR"]
[SourceTitle "playchess.com"]
[Source "ChessBase"]
[SourceQuality "1"]

{[%evp 18,69,27,17,54,-29,10,-9,75,0,0,0,0,0,10,0,0,-64,-83,-80,-85,-77,0,-45,0,0,13,-8,0,-10,48,43,39,0,0,0,0,-52,-106,-106,65,52,66,0,0,0,0,-147,-162,-141,-130,-2434,-2249,-1940]} 1. e4 c5 2. Nf3 e6 3. d4 cxd4 4. Nxd4 a6 5. g3 Qc7 6. Bg2 Nf6 7. Nc3 Bb4 8. Bd2 Be7 9. O-O d6 10. Be3 Bd7 {B80: Sicilian Scheveningen: 6 g3 and 6 Be3, including English Attack} (10... O-O 11. h3 Nc6 12. Nxc6 bxc6 13. Na4 Rb8 14. c4 c5 15. b3 Bb7 16. Nc3 Bc6 17. Qd3 Ba8 18. Rad1 Nd7 19. f4 {1-0 (36) Matlakov,M (2700)-Artemiev,V (2709) St Petersburg 2018}) 11. g4 (11. f4 $14) 11... h6 12. f4 g6 $146 (12... h5 $11) ({Predecessor:} 12... Nc6 13. Nxc6 Bxc6 14. g5 hxg5 15. fxg5 Nd7 16. g6 fxg6 17. Qg4 Nf8 18. h3 {0-1 (36) Fiori,N-Bonaveri,A (2356) Buenos Aires 2002}) 13. g5 ({Better is} 13. h3 $16) 13... hxg5 $11 14. fxg5 Nh5 $1 15. Qf3 Rh7 16. Rad1 Nc6 17. Qf2 (17. Nxc6 $1 $11 bxc6 18. Na4) 17... Ne5 $15 18. h3 Qd8 19. Nf3 Nxf3+ (19... Nc4 $17) 20. Qxf3 Bc6 (20... Bxg5 $15 21. Rxd6 Be7) 21. h4 $11 Qc7 22. Rd2 b5 23. a3 Rd8 ({Black should try} 23... Rb8 $11) 24. Qf2 $36 {[%mdl 2048] White has some pressure.} Qb7 25. b4 Bf8 26. Rfd1 Bg7 27. Rxd6 (27. Ne2 $11) 27... Rxd6 $15 28. Rxd6 Be5 $2 (28... Bxc3 $17 29. Bb6 Bd7) 29. Rd3 $14 f6 30. Bb6 ({White should play} 30. Bf3 $14) 30... Rd7 $11 {[#] Hoping for ...Rxd3.} 31. Bd4 Nf4 32. Rd2 (32. Bxe5 $11 Nxd3 33. cxd3 (33. Qxf6 Qa7+ 34. Kh2 Nxe5 $17) 33... fxe5 34. Qf6 {[%mdl 64] Double Attack} Rxd3 35. Qxe6+ Kd8 36. Nd5 Bxd5 37. exd5 Qa7+ 38. Kh2) 32... Rxd4 $17 33. Rxd4 fxg5 34. Nd1 $2 {[%mdl 8192] [#]} (34. hxg5 $17 Qb6 {[%mdl 64] Pin} 35. Rd1 Qxf2+ 36. Kxf2 Bxc3 37. Bf3) 34... Bxd4 $19 35. Qxd4 {Accuracy: White = 32%, Black = 50%.} 0-1

[Event "18th Chefchaouen Open 2019"]
[Site "Chefchaouen"]
[Date "2019.07.16"]
[Round "2.4"]
[White "Karpatchev, Aleksandr"]
[Black "Ruiz Casado, Francisco Javier"]
[Result "1/2-1/2"]
[WhiteElo "2445"]
[BlackElo "2003"]
[Annotator "TA"]
[PlyCount "86"]
[EventDate "2019.07.15"]
[EventType "swiss"]
[EventCountry "MAR"]
[SourceTitle "playchess.com"]
[Source "ChessBase"]
[SourceQuality "1"]

{[%evp 19,86,24,32,16,43,29,33,33,33,31,22,33,22,31,68,8,3,-12,-1,-6,-1,-7,-2,-7,0,-54,-56,-60,-59,-56,-55,-58,-60,-80,-78,-76,-70,-181,-123,-168,-83,-166,-168,-169,-160,-152,-92,-92,-92,-100,-68,-63,-67,-64,-8,-37,-37,-37,-37,-37,0,-23,0,-37,0,-35,-18,-83,0]} 1. e4 c5 2. c3 d5 3. exd5 Qxd5 4. Nf3 Nc6 5. d4 Nf6 6. Be2 e6 7. O-O Be7 8. c4 Qd8 9. dxc5 O-O 10. Nc3 Bxc5 11. a3 {B22: Sicilian: 2 c3} e5 12. b4 Bd4 13. Bb2 {[#] White is slightly better.} Be6 $146 ({Predecessor:} 13... Re8 14. Nxd4 Nxd4 15. Nb5 Nxb5 16. Qxd8 Rxd8 17. cxb5 Nd5 18. Bxe5 Re8 {½-½ (36) Parligras,M (2547)-Najer,E (2681) Germany 2010}) 14. Nxd4 Nxd4 15. Nb5 Nxb5 $1 16. cxb5 Qb8 17. f4 (17. Re1 $14) 17... exf4 $11 18. Qd4 Rd8 19. Qc3 Qd6 20. Rad1 Qb6+ 21. Qc5 Nd5 22. Bf3 (22. Qxb6 $11 axb6 23. Rd4) 22... Ne3 $36 {[%mdl 2048] Black has some pressure.} 23. Rxd8+ Rxd8 24. Rc1 Nc4 25. Qxb6 axb6 26. Rc2 Nxb2 27. Rxb2 $17 {[%mdl 4096] Endgame KRB-KRB} Ra8 28. Bxb7 (28. h4 $15) 28... Rxa3 $19 29. h4 Kf8 (29... Rb3 $19 {and Black stays clearly on top.} 30. Rxb3 Bxb3) 30. Rc2 (30. Rf2 $17) 30... Rb3 31. Rc6 Rxb4 32. Rxb6 Ke7 ({Better is} 32... h6 33. Bc6 Ke7) 33. Bc6 $17 Kd6 34. Rb8 Kc5 35. Rh8 h6 36. h5 Bg4 (36... Rb1+ $15 37. Kh2 Rb3) 37. Rd8 Rb1+ 38. Kh2 Rb2 {[#] Hoping for ...f3.} 39. Kg1 Rb1+ 40. Kh2 Rb2 {White must now prevent ...f3.} 41. Kg1 $1 Rb1+ 42. Kh2 Rd1 43. Re8 (43. Rg8 $11) 43... f6 {Accuracy: White = 54%, Black = 43%.} (43... Rd6 $17 44. Re4 Rf6) 1/2-1/2

[Event "18th Chefchaouen Open 2019"]
[Site "Chefchaouen"]
[Date "2019.07.16"]
[Round "2.5"]
[White "Roudi, Adnan"]
[Black "Buscara, Sevan"]
[Result "0-1"]
[WhiteElo "1941"]
[BlackElo "2404"]
[Annotator "RC"]
[PlyCount "68"]
[EventDate "2019.07.15"]
[EventType "swiss"]
[EventCountry "MAR"]
[SourceTitle "playchess.com"]
[Source "ChessBase"]
[SourceQuality "1"]
[TimeControl "5400+30"]

1. c4 {[%emt 0:00:00]} Nf6 {[%emt 0:00:31]} 2. Nc3 {[%emt 0:00:00]} g6 {[%emt 0:00:28]} 3. g3 {[%emt 0:00:08]} d5 {[%emt 0:02:07]} 4. cxd5 {[%emt 0:00:30]} Nxd5 {[%emt 0:00:07]} 5. Bg2 {[%emt 0:00:11]} Nb6 {[%emt 0:00:56]} 6. d3 {[%emt 0:06:09]} Bg7 {[%emt 0:00:13]} 7. Nf3 {[%emt 0:00:57]} Nc6 {[%emt 0:01:12]} 8. Be3 {[%emt 0:01:13]} h6 {[%emt 0:02:08]} 9. Qd2 {[%emt 0:03:40]} e5 {[%emt 0:02:09]} 10. O-O {[%emt 0:09:09]} Nd4 {[%emt 0:02:05]} 11. Ne1 {[%emt 0:01:56]} Nf5 {[%emt 0:07:54]} 12. Bc5 {[%emt 0:04:47]} Nc4 {[%emt 0:00:21]} 13. Qc1 {[%emt 0:07:39]} Ncd6 {[%emt 0:01:41]} 14. f4 {[%emt 0:15:05]} exf4 {[%emt 0:01:51]} 15. Qxf4 {[%emt 0:00:15]} O-O {[%emt 0:03:25]} 16. e4 {[%emt 0:01:10]} Nd4 {[%emt 0:00:51]} 17. Qf2 {[%emt 0:09:09]} Ne6 {[%emt 0:04:26]} 18. Be3 {[%emt 0:00:08]} Ng5 {[%emt 0:01:33]} 19. Qd2 {[%emt 0:00:59]} f5 {[%emt 0:06:47]} 20. Nf3 {[%emt 0:05:45]} Nxf3+ {[%emt 0:04:10]} 21. Rxf3 {[%emt 0:01:32]} Kh7 {[%emt 0:02:19]} 22. Re1 {[%emt 0:11:28]} Re8 {[%emt 0:03:48]} 23. Rff1 {[%emt 0:01:23]} fxe4 {[%emt 0:08:00]} 24. Nxe4 {[%emt 0:01:05]} Nf5 {[%emt 0:00:12]} 25. Bf2 {[%emt 0:02:16]} Nd4 {[%emt 0:03:45]} 26. Nc3 {[%emt 0:03:24]} Rxe1 {[%emt 0:10:07]} 27. Rxe1 {[%emt 0:00:29]} Bf5 {[%emt 0:01:32]} 28. Bxb7 {[%emt 0:03:59]} c6 {[%emt 0:02:30]} 29. Bxd4 {[%emt 0:03:19]} Qxd4+ {[%emt 0:04:01]} 30. Kg2 {[%emt 0:02:20]} Rb8 {[%emt 0:01:40]} 31. Bxc6 {[%emt 0:01:16]} Qb6 {[%emt 0:01:09]} 32. Be4 {[%emt 0:03:29]} Qxb2 {[%emt 0:00:40]} 33. Qxb2 {[%emt 0:01:08]} Rxb2+ {[%emt 0:00:07]} 34. Kf3 {[%emt 0:00:21]} Bxc3 {[%emt 0:00:34]} 0-1

[Event "18th Chefchaouen Open 2019"]
[Site "Chefchaouen"]
[Date "2019.07.16"]
[Round "3.1"]
[White "Korneev, Oleg"]
[Black "Lamrabet, Mohamed"]
[Result "0-1"]
[WhiteElo "2523"]
[BlackElo "2107"]
[Annotator "TA"]
[PlyCount "54"]
[EventDate "2019.07.15"]
[EventType "swiss"]
[EventCountry "MAR"]
[SourceTitle "playchess.com"]
[Source "ChessBase"]
[SourceQuality "1"]

{[%evp 19,54,24,39,5,15,17,74,66,80,69,62,45,47,50,52,45,48,47,51,45,52,33,79,47,61,56,46,62,115,94,170,146,197,194,177,155,207]} 1. e4 c5 2. Nf3 e6 3. d4 cxd4 4. Nxd4 Nf6 5. Nc3 d6 6. Be3 Be7 7. f3 O-O 8. Qd2 Nc6 9. g4 d5 10. g5 Nh5 11. Rg1 {B80: Sicilian Scheveningen: 6 g3 and 6 Be3, including English Attack} (11. O-O-O {with more complications.} Nxd4 12. Qxd4 Bxg5 13. Rg1 Bxe3+ 14. Qxe3 Qh4 15. exd5 Qf4 16. Qxf4 Nxf4 17. Bc4) 11... dxe4 {aiming for ...Nxd4.} 12. Nxe4 e5 (12... Qc7 $11) 13. Nxc6 $16 {[#] White is better.} Qxd2+ $146 ({Predecessor:} 13... bxc6 14. Bc4 Bf5 15. O-O-O Qc7 16. h4 Kh8 17. Qc3 Bg6 18. Rd2 a5 19. Nc5 Bf5 20. Rgd1 Rad8 21. Rxd8 Bxd8 22. Qb3 Be7 23. Qb7 {1-0 (23) Ponomariov,R (2718)-Svidler,P (2738) Moscow 2008}) 14. Bxd2 bxc6 15. Bc4 Be6 16. Bxe6 fxe6 17. Ke2 Rad8 18. Rad1 Nf4+ 19. Bxf4 exf4 20. h4 g6 21. c4 Kf7 22. Rxd8 Rxd8 23. Rd1 Rxd1 ({Better is} 23... Rb8 $14) 24. Kxd1 $14 {KB-KN} Ke8 (24... Bf8 $16) 25. Kc2 $18 {White is clearly better.} Kd8 (25... e5 $16) 26. c5 e5 27. b4 Kd7 {[%mdl 32768] Accuracy: White = 78%, Black = 24%. . Sensor Board Error (Ke4/e5)?} (27... Ke8 $16 {was worth a try.} 28. Kc3 Bd8) 0-1